000 00563nam a22001937a 4500
003 OSt
005 20140310182754.0
008 130204t xxu||||| |||| 00| 0 eng d
050 _aBC 177
_b.C379 2010
082 _aM 160
_bC379 2010
245 _aLogic and contemporary rhetoric
_bthe use of reason in everyday life
_cCavender, Nancy M.
260 _aBelmont, Calif.
_bWadsworth Pub. Co.
_cc2010
300 _a415 p.
_b ill. ;
_c 24 cm.
521 _acollege students
526 _c1210L-1700L
541 _j1
562 _e1
942 _2lcc
_cBK
_kM
999 _c15805
_d15805